| 000 | 01336nam a22002537a 4500 | ||
|---|---|---|---|
| 005 | 20170124103133.0 | ||
| 010 | _aB-245002 | ||
| 020 |
_c300.00 _a8188007115 |
||
| 035 | _aB-245002 | ||
| 037 | _bCen Lib/Ret | ||
| 040 |
_aDPL _bHN |
||
| 082 |
_a362.18 _bशर्मामृ |
||
| 100 |
_aशर्मा, मृदुला _984820 |
||
| 245 |
_aमानव स्वास्थ्य एवं प्राथमिक उपचार : _cमृदुला शर्मा _bरोकथाम के उपाय / |
||
| 246 |
_aManav swasthye ewam prathmik upchar : roktham ke upay / _bby Mridula Sharma |
||
| 260 |
_aदिल्ली _bआरोग्य निधि प्रकाशन _c2007 |
||
| 270 |
_aब्लाक-सी-8, हाउस नं.-174, यमुना विहार _bदिल्ली _e110053 |
||
| 300 |
_a248पृ. : _c20सेमी(सजिल्द) _bसचित्र |
||
| 650 |
_aमानसिक -- स्वास्थ्य _984821 |
||
| 650 |
_aराष्ट्रीय एवं अन्तर्राष्ट्रीय -- स्वास्थ्य संगठन _984822 |
||
| 650 |
_aMental health _94146 |
||
| 650 |
_aNational and international - Health Organization _984823 |
||
| 942 |
_2ddc _cHN _h362.18 _mशर्मामृ |
||
| 999 |
_c119424 _d119424 |
||